Economía subterránea : (Registro nro. 5696)
[ vista simple ]
| 000 -LEADER | |
|---|---|
| fixed length control field | 01115nam a2200241Ia 4500 |
| 003 - CONTROL NUMBER IDENTIFIER | |
| control field | OSt |
| 005 - DATE AND TIME OF LATEST TRANSACTION | |
| control field | 20200908153559.0 |
| 008 - FIXED-LENGTH DATA ELEMENTS--GENERAL INFORMATION | |
| fixed length control field | 191128s1980 ck fr 000 0 spa d |
| 040 ## - CATALOGING SOURCE | |
| Original cataloging agency | CO-JMCR |
| Transcribing agency | CO-JMCR |
| 041 0# - LANGUAGE CODE | |
| Language code of text/sound track or separate title | spa |
| 082 04 - DEWEY DECIMAL CLASSIFICATION NUMBER | |
| Classification number | 363.4509861 / |
| Item number | L879e |
| Edition number | 23 |
| 100 1# - MAIN ENTRY--PERSONAL NAME | |
| Personal name | Losada Posada, Benjamín, |
| Relator term | autor |
| 9 (RLIN) | 9973 |
| 245 10 - TITLE STATEMENT | |
| Title | Economía subterránea : |
| Remainder of title | o el imperio del contra-derecho en Colombia / |
| Statement of responsibility, etc. | Benjamín Losada Posada ; edición dirigida por Humberto Castillo Valencia |
| 260 ## - PUBLICATION, DISTRIBUTION, ETC. | |
| Place of publication, distribution, etc. | Bogotá : |
| Name of publisher, distributor, etc. | Tipografía Praga, |
| Date of publication, distribution, etc. | [1980?] |
| 300 ## - PHYSICAL DESCRIPTION | |
| Extent | 212 páginas ; |
| Dimensions | 16 cm. |
| 505 0# - FORMATTED CONTENTS NOTE | |
| Formatted contents note | Legalización o herbicidas -- Wall Street de la droga -- Atención: incautado valioso matute -- Esmeralda que te quiero -- La quinta parte del dinero en circulación es de origen ilegal -- Una banca subdesarrollada -- Bienvenidos al torneo de las tasas |
| 650 14 - SUBJECT ADDED ENTRY--TOPICAL TERM | |
| Topical term or geographic name entry element | Economía subterránea |
| Geographic subdivision | Colombia |
| 9 (RLIN) | 9974 |
| 650 14 - SUBJECT ADDED ENTRY--TOPICAL TERM | |
| Topical term or geographic name entry element | Narcóticos |
| Geographic subdivision | Colombia |
| 9 (RLIN) | 9975 |
| 650 14 - SUBJECT ADDED ENTRY--TOPICAL TERM | |
| Topical term or geographic name entry element | Mafia |
| Geographic subdivision | Colombia |
| 9 (RLIN) | 9976 |
| 651 #4 - SUBJECT ADDED ENTRY--GEOGRAPHIC NAME | |
| Geographic name | Colombia |
| Geographic subdivision | Condiciones económicas |
| 9 (RLIN) | 9977 |
| 700 1# - ADDED ENTRY--PERSONAL NAME | |
| Personal name | Castillo Valencia, Humberto, |
| Relator term | editor |
| 9 (RLIN) | 9978 |
| 942 ## - ADDED ENTRY ELEMENTS (KOHA) | |
| Source of classification or shelving scheme | Dewey Decimal Classification |
| Koha item type | Books |
| Withdrawn status | Lost status | Source of classification or shelving scheme | Damaged status | Not for loan | Collection code | Home library | Current library | Date acquired | Source of acquisition | Total Checkouts | Full call number | Barcode | Date last seen | Date last checked out | Copy number | Koha item type |
|---|---|---|---|---|---|---|---|---|---|---|---|---|---|---|---|---|
| Dewey Decimal Classification | Non-fiction | Biblioteca Pública José María del Castillo y Rada | Biblioteca Pública José María del Castillo y Rada | 04/15/2018 | Donación | 1 | 363.4509861 / L879e | 430003922 | 06/13/2024 | 06/13/2024 | Ej.1 | Books |